Quiz o geometry dash(bardzo łatwy) - Statystyki

Ogólne statystyki
  • Ten quiz został rozwiązany 58 razy
    54 od ostatniego zresetowania
  • Średni wynik to 9 z 19
Statystyki odpowiedzi
Zagadnienie Odpowiedź % Poprawnych
Jaki jest pierwszy level Stereo madness
96%
Kto stworzył grę Robtop
89%
Co to jumper Jeden z oficjalnych poziomów
84%
Kto jest najlepszym graczem w grze (stan na 23 października 2025) Zoink
80%
Jakie słowa są w time machine This is time machine
62%
Jaki jest popularny youtuber gd Colon
58%
Kto stworzył amethyst Imist
58%
Jaki był pierwszy extreme demon Red world
56%
Kto zweryfikował amethyst Wpopoff
49%
Czy geometry dash dobrze wpływa na znalezienie pracy? Napisz rozprawkę w której przedstawisz swoje uzasadnienie. W odpowiedzi odwołaj się do geometry dash oraz innej lektury obowiązkowej. Twoja praca powinna zawierać min 250 słów. Lista lektur obowiązkowych jest w opisie _
47%
Czy chce się się srać? Tak
42%
Jak nazywa się monster stworzony przez vortroxa użyty w superbuffowanych poziomach Fitzgerald
38%
Jaki jest obecnie najtrudniejszy level w grze (stan na 2020) Tartarus
27%
Jaki na wzór wodorotlenek potasu KOH
24%
Czy ta gra jest git Po co wogóle jest to pytanie
24%
Ile lików ma retray (stan na 23 października 2025 godz. 7:32) 8552310
18%
Powiedz całego Pana Tadeusza .
13%
Ile trwa flamewall 6 min 46 sec
13%
Krew Łazienka? Tak
2%
Nie znaleziono quizów pasujących do podanych kryteriów
Rozkład punktacji
Procent ludzi z każdym wynikiem
Percentyl według liczby udzielonych odpowiedzi
Twoja historia wyników
Nie rozwiązałeś tego quizu od ostatniego zresetowania